| 000 | 00920cam a2200253 4500 | ||
|---|---|---|---|
| 001 | J64723 | ||
| 008 | 000000n2001 000 0 eng u | ||
| 035 | _a(Sirsi) u114289 | ||
| 050 | _a338.4369094 | ||
| 110 |
_aEuroconstruct _92964 |
||
| 245 | _a51st Euroconstruct conference : Copenhagen : The outlook for the European Construction sector 2001-2003 Summary report.... | ||
| 260 |
_aCopenhagen _bThe Copenhagen Institute for future studies _c2001 |
||
| 300 | _a187p. ; 30cm. | ||
| 350 | _a775.00 | ||
| 520 | _aFuture lifestyles & future cities values & branding a construction perspective regional development and infrastructure : the case of the sound region. The 18th and 19th June 2001. | ||
| 650 | _aEUROPE | ||
| 650 | _aSTATISTICS | ||
| 650 | _aECONOMIC ISSUES | ||
| 650 | _aHOUSING | ||
| 650 | _aEUROCONSTRUCT | ||
| 690 | _aBUILT ENVIRONMENT | ||
| 856 | _uwww.euroconstruct.com | ||
| 942 | _n0 | ||
| 999 |
_c101602 _d101602 |
||